000 00410nas a2200157I 4500
022 _a0378-620x
040 _cGUA
082 _a515 BIR 1986 A032 Or.
245 0 0 _aIntegral equations and operator theory
260 0 0 _aBasel,
_bBirkh©Þuser
300 _av.
_c24 cm
650 0 _aIntegral equations
650 0 _aOperator theory
856 4 1 _uhttp://rave.ohiolink.edu/ejournals/issn/0378620X/
942 _cEK
999 _c12163
_d12163